000 00793nam a22002057a 4500
003 BUBTL
008 240319b ||||| |||| 00| 0 eng d
082 _a332.0412/ B4697w/ 2023
100 _95758
_aBhattacharya, Hrishikes
245 _aWorking Capital Management :
_bStrategies and Techniques /
_cHrishikes Bhattacharya
250 _a4th ed.
260 _aDelhi :
_bPHI Learning Private Limited
_cc2023
300 _axxiv, 569 p. :
_c24 cm
500 _aIncludes Index
505 _aWorking Capital: A Techno-Financial Analysis, Service Business: Risk Analysis and Working Capital Assessment, Theories of Trade Credit, Management of Accounts Receivable
650 0 _918
_aFinance
856 _k0
_l0
_yDownload
942 _2ddc
_cBK
999 _c7273
_d7273